<?xml version="1.0" encoding="UTF-8"?>
<record
    xmlns:xsi="http://www.w3.org/2001/XMLSchema-instance"
    xsi:schemaLocation="http://www.loc.gov/MARC21/slim http://www.loc.gov/standards/marcxml/schema/MARC21slim.xsd"
    xmlns="http://www.loc.gov/MARC21/slim">

  <leader>02806cam a22002891i 4500</leader>
  <controlfield tag="003">SA-RiAUC</controlfield>
  <controlfield tag="005">20250130071803.0</controlfield>
  <controlfield tag="008">250128s2011    jo     g      000 0bara c</controlfield>
  <datafield tag="040" ind1=" " ind2=" ">
    <subfield code="a">JO-AmWISE</subfield>
    <subfield code="b">ara</subfield>
    <subfield code="c">SA-RiAUC</subfield>
    <subfield code="d">KAC</subfield>
    <subfield code="e">rda</subfield>
  </datafield>
  <datafield tag="082" ind1="0" ind2="4">
    <subfield code="a">922.583</subfield>
    <subfield code="q">SA-RiAUC</subfield>
  </datafield>
  <datafield tag="090" ind1=" " ind2=" ">
    <subfield code="a">922.583  </subfield>
    <subfield code="b">   &#x627; &#x628; &#x646; &#x631;</subfield>
  </datafield>
  <datafield tag="100" ind1="1" ind2=" ">
    <subfield code="a">&#x627;&#x628;&#x646; &#x631;&#x627;&#x641;&#x639; &#x627;&#x644;&#x633;&#x644;&#x627;&#x645;&#x64A;&#x60C; &#x645;&#x62D;&#x645;&#x62F; &#x628;&#x646; &#x631;&#x627;&#x641;&#x639; &#x628;&#x646; &#x647;&#x62C;&#x631;&#x633;&#x60C;</subfield>
    <subfield code="d">704-774 &#x647;&#x62C;&#x631;&#x64A;</subfield>
    <subfield code="e">&#x645;&#x624;&#x644;&#x641;.</subfield>
  </datafield>
  <datafield tag="245" ind1="1" ind2="0">
    <subfield code="a">&#x62A;&#x631;&#x62C;&#x645;&#x629; &#x627;&#x644;&#x625;&#x645;&#x627;&#x645; &#x623;&#x628;&#x64A; &#x627;&#x644;&#x642;&#x627;&#x633;&#x645; &#x627;&#x644;&#x631;&#x627;&#x641;&#x639;&#x64A; &#x631;&#x62D;&#x645;&#x647; &#x627;&#x644;&#x644;&#x647; &#x62A;&#x639;&#x627;&#x644;&#x649; /</subfield>
    <subfield code="c">&#x62A;&#x635;&#x646;&#x64A;&#x641; &#x627;&#x644;&#x625;&#x645;&#x627;&#x645; &#x627;&#x644;&#x62D;&#x627;&#x641;&#x638; &#x627;&#x644;&#x645;&#x624;&#x631;&#x62E; &#x62A;&#x642;&#x64A; &#x627;&#x644;&#x62F;&#x64A;&#x646; &#x623;&#x628;&#x64A; &#x627;&#x644;&#x645;&#x639;&#x627;&#x644;&#x64A; &#x645;&#x62D;&#x645;&#x62F; &#x628;&#x646; &#x631;&#x627;&#x641;&#x639; &#x627;&#x644;&#x633;&#x644;&#x627;&#x645;&#x64A; 704-774 &#x647;&#x640;. &#x61B; &#x627;&#x639;&#x62A;&#x646;&#x649; &#x628;&#x646;&#x634;&#x631;&#x647;&#x627; &#x627;&#x644;&#x62F;&#x643;&#x62A;&#x648;&#x631; &#x645;&#x62D;&#x645;&#x62F; &#x639;&#x628;&#x62F; &#x627;&#x644;&#x631;&#x62D;&#x64A;&#x645; &#x628;&#x646; &#x627;&#x644;&#x634;&#x64A;&#x62E; &#x645;&#x62D;&#x645;&#x62F; &#x639;&#x644;&#x64A; &#x633;&#x644;&#x637;&#x627;&#x646; &#x627;&#x644;&#x639;&#x644;&#x645;&#x627;&#x621;.</subfield>
  </datafield>
  <datafield tag="250" ind1=" " ind2=" ">
    <subfield code="a">&#x627;&#x644;&#x637;&#x628;&#x639;&#x629; &#x627;&#x644;&#x623;&#x648;&#x644;&#x649;.</subfield>
  </datafield>
  <datafield tag="264" ind1=" " ind2="1">
    <subfield code="a">&#x639;&#x645;&#x627;&#x646;&#x60C; &#x627;&#x644;&#x623;&#x631;&#x62F;&#x646; :</subfield>
    <subfield code="b">&#x62F;&#x627;&#x631; &#x627;&#x644;&#x641;&#x62A;&#x62D; &#x644;&#x644;&#x62F;&#x631;&#x627;&#x633;&#x627;&#x62A; &#x648;&#x627;&#x644;&#x646;&#x634;&#x631;&#x60C;</subfield>
    <subfield code="c">2011</subfield>
  </datafield>
  <datafield tag="300" ind1=" " ind2=" ">
    <subfield code="a">52 &#x635;&#x641;&#x62D;&#x629; &#x61B;</subfield>
    <subfield code="c">24 &#x633;&#x645;</subfield>
  </datafield>
  <datafield tag="336" ind1=" " ind2=" ">
    <subfield code="a">&#x646;&#x635;</subfield>
    <subfield code="b">txt</subfield>
    <subfield code="2">rdacontent</subfield>
    <subfield code="3">&#x643;&#x62A;&#x627;&#x628;</subfield>
  </datafield>
  <datafield tag="337" ind1=" " ind2=" ">
    <subfield code="a">&#x628;&#x62F;&#x648;&#x646; &#x648;&#x633;&#x64A;&#x637;</subfield>
    <subfield code="b">n</subfield>
    <subfield code="2">rdamedia</subfield>
  </datafield>
  <datafield tag="338" ind1=" " ind2=" ">
    <subfield code="a">&#x645;&#x62C;&#x644;&#x62F;</subfield>
    <subfield code="b">nc</subfield>
    <subfield code="2">rdacarrier</subfield>
  </datafield>
  <datafield tag="504" ind1=" " ind2=" ">
    <subfield code="a">&#x64A;&#x634;&#x62A;&#x645;&#x644; &#x639;&#x644;&#x649; &#x625;&#x631;&#x62C;&#x627;&#x639;&#x627;&#x62A; &#x628;&#x628;&#x644;&#x64A;&#x648;&#x62C;&#x631;&#x627;&#x641;&#x64A;&#x629;.</subfield>
  </datafield>
  <datafield tag="520" ind1=" " ind2=" ">
    <subfield code="a">&#x62A;&#x631;&#x62C;&#x645;&#x629; &#x627;&#x644;&#x625;&#x645;&#x627;&#x645; &#x623;&#x628;&#x64A; &#x627;&#x644;&#x642;&#x627;&#x633;&#x645; &#x627;&#x644;&#x631;&#x627;&#x641;&#x639;&#x64A; &#x644;&#x644;&#x643;&#x627;&#x62A;&#x628; &#x62A;&#x642;&#x64A; &#x627;&#x644;&#x62F;&#x64A;&#x646; &#x623;&#x628;&#x64A; &#x627;&#x644;&#x645;&#x639;&#x627;&#x644;&#x64A; &#x645;&#x62D;&#x645;&#x62F; &#x628;&#x646; &#x631;&#x627;&#x641;&#x639; &#x627;&#x644;&#x633;&#x644;&#x627;&#x645;&#x64A; &#x647;&#x648; &#x643;&#x62A;&#x627;&#x628; &#x64A;&#x62A;&#x646;&#x627;&#x648;&#x644; &#x62D;&#x64A;&#x627;&#x629; &#x627;&#x644;&#x625;&#x645;&#x627;&#x645; &#x627;&#x644;&#x631;&#x627;&#x641;&#x639;&#x64A; &#x623;&#x62D;&#x62F; &#x627;&#x644;&#x623;&#x639;&#x644;&#x627;&#x645; &#x627;&#x644;&#x628;&#x627;&#x631;&#x632;&#x64A;&#x646; &#x641;&#x64A; &#x627;&#x644;&#x641;&#x642;&#x647; &#x648;&#x627;&#x644;&#x634;&#x631;&#x64A;&#x639;&#x629; &#x627;&#x644;&#x625;&#x633;&#x644;&#x627;&#x645;&#x64A;&#x629; &#x64A;&#x642;&#x62F;&#x645; &#x627;&#x644;&#x643;&#x62A;&#x627;&#x628; &#x62A;&#x641;&#x627;&#x635;&#x64A;&#x644; &#x62D;&#x648;&#x644; &#x648;&#x644;&#x627;&#x62F;&#x629; &#x627;&#x644;&#x625;&#x645;&#x627;&#x645; &#x627;&#x644;&#x631;&#x627;&#x641;&#x639;&#x64A; &#x648;&#x646;&#x634;&#x623;&#x62A;&#x647; &#x648;&#x627;&#x644;&#x628;&#x64A;&#x626;&#x629; &#x627;&#x644;&#x639;&#x644;&#x645;&#x64A;&#x629; &#x648;&#x627;&#x644;&#x62F;&#x64A;&#x646;&#x64A;&#x629; &#x627;&#x644;&#x62A;&#x64A; &#x646;&#x634;&#x623; &#x641;&#x64A;&#x647;&#x627;&#x60C; &#x648;&#x62A;&#x623;&#x62B;&#x64A;&#x631;&#x647;&#x627; &#x639;&#x644;&#x649; &#x62A;&#x643;&#x648;&#x64A;&#x646;&#x647; &#x627;&#x644;&#x641;&#x643;&#x631;&#x64A; &#x648;&#x627;&#x633;&#x62A;&#x639;&#x631;&#x627;&#x636; &#x644;&#x623;&#x647;&#x645; &#x645;&#x624;&#x644;&#x641;&#x627;&#x62A; &#x627;&#x644;&#x625;&#x645;&#x627;&#x645;&#x60C; &#x648;&#x62E;&#x627;&#x635;&#x629; &#x641;&#x64A; &#x627;&#x644;&#x641;&#x642;&#x647; &#x648;&#x623;&#x635;&#x648;&#x644; &#x627;&#x644;&#x62F;&#x64A;&#x646; &#x648;&#x62A;&#x648;&#x636;&#x64A;&#x62D; &#x623;&#x633;&#x644;&#x648;&#x628;&#x647; &#x641;&#x64A; &#x627;&#x644;&#x62A;&#x639;&#x644;&#x64A;&#x645; &#x648;&#x62A;&#x623;&#x62B;&#x64A;&#x631;&#x647; &#x639;&#x644;&#x649; &#x637;&#x644;&#x627;&#x628;&#x647; &#x62A;&#x646;&#x627;&#x648;&#x644; &#x627;&#x644;&#x645;&#x633;&#x627;&#x647;&#x645;&#x627;&#x62A; &#x627;&#x644;&#x62A;&#x64A; &#x642;&#x62F;&#x645;&#x647;&#x627; &#x627;&#x644;&#x631;&#x627;&#x641;&#x639;&#x64A; &#x641;&#x64A; &#x645;&#x62C;&#x627;&#x644;&#x627;&#x62A; &#x627;&#x644;&#x641;&#x642;&#x647; &#x648;&#x627;&#x644;&#x62A;&#x641;&#x633;&#x64A;&#x631; &#x62A;&#x623;&#x62B;&#x64A;&#x631;&#x647; &#x641;&#x64A; &#x627;&#x644;&#x641;&#x642;&#x647; &#x627;&#x644;&#x634;&#x627;&#x641;&#x639;&#x64A; &#x648;&#x646;&#x642;&#x644; &#x622;&#x631;&#x627;&#x621;&#x647; &#x648;&#x62A;&#x639;&#x627;&#x644;&#x64A;&#x645;&#x647; &#x62A;&#x62D;&#x644;&#x64A;&#x644; &#x645;&#x646;&#x647;&#x62C; &#x627;&#x644;&#x625;&#x645;&#x627;&#x645; &#x627;&#x644;&#x631;&#x627;&#x641;&#x639;&#x64A; &#x641;&#x64A; &#x627;&#x633;&#x62A;&#x646;&#x628;&#x627;&#x637; &#x627;&#x644;&#x623;&#x62D;&#x643;&#x627;&#x645; &#x627;&#x644;&#x634;&#x631;&#x639;&#x64A;&#x629; &#x648;&#x643;&#x64A;&#x641; &#x633;&#x627;&#x647;&#x645;&#x62A; &#x622;&#x631;&#x627;&#x624;&#x647; &#x641;&#x64A; &#x62A;&#x634;&#x643;&#x64A;&#x644; &#x627;&#x644;&#x641;&#x643;&#x631; &#x627;&#x644;&#x625;&#x633;&#x644;&#x627;&#x645;&#x64A; &#x641;&#x64A; &#x639;&#x635;&#x631;&#x647; &#x62A;&#x623;&#x62B;&#x64A;&#x631; &#x627;&#x644;&#x625;&#x645;&#x627;&#x645; &#x627;&#x644;&#x631;&#x627;&#x641;&#x639;&#x64A; &#x639;&#x644;&#x649; &#x627;&#x644;&#x641;&#x642;&#x647;&#x627;&#x621; &#x627;&#x644;&#x644;&#x627;&#x62D;&#x642;&#x64A;&#x646; &#x648;&#x62F;&#x648;&#x631;&#x647; &#x641;&#x64A; &#x646;&#x634;&#x631; &#x627;&#x644;&#x641;&#x642;&#x647; &#x627;&#x644;&#x634;&#x627;&#x641;&#x639;&#x64A; &#x641;&#x64A; &#x627;&#x644;&#x639;&#x627;&#x644;&#x645; &#x627;&#x644;&#x625;&#x633;&#x644;&#x627;&#x645;&#x64A;.</subfield>
  </datafield>
  <datafield tag="600" ind1="1" ind2="7">
    <subfield code="a">&#x627;&#x644;&#x631;&#x627;&#x641;&#x639;&#x64A;&#x60C; &#x639;&#x628;&#x62F; &#x627;&#x644;&#x643;&#x631;&#x64A;&#x645; &#x628;&#x646; &#x645;&#x62D;&#x645;&#x62F; &#x628;&#x646; &#x639;&#x628;&#x62F; &#x627;&#x644;&#x643;&#x631;&#x64A;&#x645;&#x60C;</subfield>
    <subfield code="d">557-623 &#x647;&#x62C;&#x631;&#x64A;</subfield>
    <subfield code="2">aucnm</subfield>
  </datafield>
  <datafield tag="650" ind1=" " ind2="7">
    <subfield code="a">&#x627;&#x644;&#x641;&#x642;&#x647;&#x627;&#x621; &#x627;&#x644;&#x634;&#x627;&#x641;&#x639;&#x64A;&#x629;</subfield>
    <subfield code="v">&#x62A;&#x631;&#x627;&#x62C;&#x645;</subfield>
    <subfield code="2">aucsh</subfield>
  </datafield>
  <datafield tag="700" ind1="1" ind2=" ">
    <subfield code="a">&#x633;&#x644;&#x637;&#x627;&#x646; &#x627;&#x644;&#x639;&#x644;&#x645;&#x627;&#x621;&#x60C; &#x645;&#x62D;&#x645;&#x62F; &#x639;&#x628;&#x62F; &#x627;&#x644;&#x631;&#x62D;&#x64A;&#x645; &#x645;&#x62D;&#x645;&#x62F;&#x60C;</subfield>
    <subfield code="d">1960-</subfield>
    <subfield code="e">&#x645;&#x631;&#x627;&#x62C;&#x639;.</subfield>
  </datafield>
  <datafield tag="942" ind1=" " ind2=" ">
    <subfield code="2">ddc</subfield>
    <subfield code="c">BOOK</subfield>
    <subfield code="n">0</subfield>
  </datafield>
  <datafield tag="949" ind1=" " ind2=" ">
    <subfield code="a">SA-JeALM</subfield>
    <subfield code="d">250128</subfield>
    <subfield code="u">mohamedma123</subfield>
    <subfield code="n">1</subfield>
  </datafield>
  <datafield tag="952" ind1=" " ind2=" ">
    <subfield code="0">0</subfield>
    <subfield code="1">0</subfield>
    <subfield code="2">ddc</subfield>
    <subfield code="4">0</subfield>
    <subfield code="7">0</subfield>
    <subfield code="a">WAHAB</subfield>
    <subfield code="b">WAHAB</subfield>
    <subfield code="d">2025-01-30</subfield>
    <subfield code="l">0</subfield>
    <subfield code="o">922.583  &#x627; &#x628; &#x646; &#x631;</subfield>
    <subfield code="p">000008794</subfield>
    <subfield code="r">2025-01-30 07:18:24</subfield>
    <subfield code="w">2025-01-30</subfield>
    <subfield code="y">BOOK</subfield>
  </datafield>
  <datafield tag="952" ind1=" " ind2=" ">
    <subfield code="0">0</subfield>
    <subfield code="1">0</subfield>
    <subfield code="2">ddc</subfield>
    <subfield code="4">0</subfield>
    <subfield code="7">0</subfield>
    <subfield code="a">WAHAB</subfield>
    <subfield code="b">WAHAB</subfield>
    <subfield code="d">2025-04-10</subfield>
    <subfield code="l">0</subfield>
    <subfield code="o">922.583 &#x627; &#x628; &#x646; &#x631;	</subfield>
    <subfield code="p">000011997</subfield>
    <subfield code="r">2025-04-10 07:10:45</subfield>
    <subfield code="w">2025-04-10</subfield>
    <subfield code="y">BOOK</subfield>
  </datafield>
  <datafield tag="952" ind1=" " ind2=" ">
    <subfield code="0">0</subfield>
    <subfield code="1">0</subfield>
    <subfield code="2">ddc</subfield>
    <subfield code="4">0</subfield>
    <subfield code="7">0</subfield>
    <subfield code="a">WAHAB</subfield>
    <subfield code="b">WAHAB</subfield>
    <subfield code="d">2025-04-13</subfield>
    <subfield code="l">0</subfield>
    <subfield code="o">922.583 &#x627; &#x628; &#x646; &#x631;</subfield>
    <subfield code="p">000011591</subfield>
    <subfield code="r">2025-04-13 05:59:13</subfield>
    <subfield code="w">2025-04-13</subfield>
    <subfield code="y">BOOK</subfield>
  </datafield>
  <datafield tag="999" ind1=" " ind2=" ">
    <subfield code="c">5444</subfield>
    <subfield code="d">5444</subfield>
  </datafield>
</record>
